| 000 | 00560nam a2200193Ia 4500 | ||
|---|---|---|---|
| 003 | GCL | ||
| 008 | 140319s9999 xx 000 0 ara d | ||
| 040 |
_aGCL / _cGCL |
||
| 082 | 0 | 4 |
_aط _b028.5 _bم ك |
| 100 | 1 | _aمكتبة لبنان | |
| 245 | 1 | 0 |
_aكتاب الصور الخامس / _cمكتبة لبنان |
| 260 |
_a[S.N] : _bمكتبة لبنان ، _c1979 |
||
| 300 | _a50 ص | ||
| 490 |
_aكتب الصور للاطفال _v0 |
||
| 650 | 0 | 4 | _aالاطفال |
| 650 | 0 | 4 | _aالتثقيف الذاتى |
| 650 | 0 | 4 | _aالمعرفة |
| 942 |
_2ddc _cBK |
||
| 999 |
_c33146 _d33146 |
||